00442 2200181 4500001002100000005001500021008004100036020002200077035001900099041000700118082000800125090001400133100001700147245002200164260002800186300001800214650002800232INLIS00000000001544320241224114932241224||||||||| | ||| |||| || |  a978-602-8223-58-4 0010-1224015443 aid0 a590 a590 PAR i0 aSteve Parker00a100 fakta tentang aBandungbExamediac2008 a48hlm;17x25cm 0aIlmu Ilmu Tentang Hewan